Central Library OPAC University of Rajshahi

কর্বট কন্যা / (Record no. 75774)

MARC details
000 -LEADER
fixed length control field 00680nam a22002177a 4500
001 - CONTROL NUMBER
control field 75774
003 - CONTROL NUMBER IDENTIFIER
rucl marc code BD-RjUL
005 - DATE AND TIME OF LATEST TRANSACTION
control field 20211209082738.0
008 - FIXED-LENGTH DATA ELEMENTS--GENERAL INFORMATION
fixed length control field 190702s2013 bd ||||| b||| 00| 0 ben d
020 ## - INTERNATIONAL STANDARD BOOK NUMBER
International Standard Book Number 9847000002228
035 ## - SYSTEM CONTROL NUMBER
System control number (BD-RjUL)75993
040 ## - CATALOGING SOURCE
Original cataloging agency BD-RjUL
Language of cataloging eng
Transcribing agency BD-RjUL
041 ## - LANGUAGE CODE
Language code of text/sound track or separate title eng
082 ## - DEWEY DECIMAL CLASSIFICATION NUMBER
Edition number 23
Classification number 891.443
Author mark and year ROK 2013
100 ## - MAIN ENTRY--PERSONAL NAME
Personal name রউফ, আবদুর
9 (RLIN) 232161
245 ## - TITLE STATEMENT
Title কর্বট কন্যা /
Statement of responsibility, etc. আবদুর রউফ
260 ## - PUBLICATION, DISTRIBUTION, ETC. (IMPRINT)
Place of publication, distribution, etc. ঢাকা :
Name of publisher, distributor, etc. দারুচিনি প্রকাশনী,
Date of publication, distribution, etc. ২০১৩
300 ## - PHYSICAL DESCRIPTION
Pagination ১৬৩ পৃ. ;
Size ২২ সেমি.
650 ## - SUBJECT ADDED ENTRY--TOPICAL TERM
Topical term or geographic name as entry element Bengali fiction
9 (RLIN) 232162
942 ## - ADDED ENTRY ELEMENTS (KOHA)
Source of classification or shelving scheme Dewey Decimal Classification
Koha item type Books
Holdings
Lost status Source of classification or shelving scheme Damaged status Not for loan Collection code Permanent Location Current Location Shelving location Date acquired Source of acquisition Cost, normal purchase price Total Checkouts Full call number Date last seen Copy number Koha item type
  Dewey Decimal Classification   Not For Loan Fiction Central Library, University of Rajshahi Central Library, University of Rajshahi   20/05/2019 Author 260.00   B 891.443 ROK 2013 02/07/2019 C-1 Books
  Dewey Decimal Classification     Fiction Central Library, University of Rajshahi Central Library, University of Rajshahi   20/05/2019 Author 260.00   B 891.443 ROK 2013 02/07/2019 C-2 Books
  Dewey Decimal Classification     Fiction Central Library, University of Rajshahi Central Library, University of Rajshahi   20/05/2019 Author 260.00   B 891.443 ROK 2013 02/07/2019 C-3 Books